| 000 | 00585nam a2200205 a 4500 | ||
|---|---|---|---|
| 005 | 20140310183437.0 | ||
| 008 | 080205s19uu xx 00 eng d | ||
| 020 | _a9780176251550 | ||
| 050 |
_aHF 5718.3 _b.G82 2008 |
||
| 100 | _aGuffey, Mary Ellen | ||
| 245 |
_aThe practice of business communication. / _cMary Ellen Guffey |
||
| 250 | _a1st Canadian Ed. | ||
| 260 |
_aAustralia : _bThomson, _c2008. |
||
| 300 |
_a366 p. : _bill. col. ; _c25 cm. |
||
| 521 | _aEDU | ||
| 650 | _aBusiness communication. | ||
| 700 | _aAlmonte, Richard | ||
| 942 |
_cBK _2lcc _kFOR |
||
| 999 |
_c22969 _d22969 |
||